000 00610nam a2200193 i 4500
001 39183
003 ES-MaACL
005 20250807075153.0
007 t|
008 030227s1979 sp ||||1| spa d
245 0 0 _aCambiar Madrid /
_c[prólogo de Ramón Tamames].
260 _a[Madrid] :
_bAyuso,
_c[1979]
300 _a429 p. ;
_c20 cm.
500 _aPrecede al tít.: Comité Provincial de Madrid del P.C.E.
700 1 _aTamames, Ramón,
_d1933-
_9237391
710 2 _aComité Provincial de Madrid del P.C.E.
_93096
852 _aES-MaACL
_jA-10025
_bR.99028
999 _c39183
_d39183